000 00656nam a2200193 4500
999 _c180585
_d180585
005 20210812111313.0
010 _aB-741193
020 _a818083008X
_c650.00
035 _aB-741193
037 _bGift
082 _aS
100 _aParashar,Sandeep Kumar
245 _aWorld's great crime stories /
_cby Sandeep Kumar Parashar
260 _aDelhi
_bVimal Pustak Mandir
_c2020
270 _a430, Maharam Mohalla Vishwas Nagar, Shahdara,
_bDelhi
_e110032
300 _a248p.
_c22cm(Hb)
942 _2ddc
_cCH
_hS
_mPAR